00330nam a2200121Ia 4500008004100000020002200041041000800063082002700071100002000098245004100118260004000159300000900199230411s9999 xx 000 0 und d a978-93-5152-873-9 aeng aF/610.730 1/COL/B08114 aColyar Margaret aAdvanced Practice Nursing Procedures bJaypee BrothersaPhiladelphiac2015 a574p